Polar adventures : a chapter book / (Record no. 2364)

MARC details
000 -LEADER
fixed length control field 00976cam a22002774a 4500
005 - DATE AND TIME OF LATEST TRANSACTION
control field 20240221114226.0
020 ## - INTERNATIONAL STANDARD BOOK NUMBER
International Standard Book Number 9780516244655
040 ## - CATALOGING SOURCE
Original cataloging agency DLC
Transcribing agency DLC
Modifying agency DLC
Language of cataloging eng
050 00 - LIBRARY OF CONGRESS CALL NUMBER
Classification number G587
Item number 2003
082 00 - DEWEY DECIMAL CLASSIFICATION NUMBER
Classification number 919.804
100 1# - MAIN ENTRY--PERSONAL NAME
Personal name Nichols, Catherine
245 10 - TITLE STATEMENT
Title Polar adventures : a chapter book /
Statement of responsibility, etc. by Nicholas, Cathreine
250 ## - EDITION STATEMENT
Edition statement First Scholastic book club printing, November 2003
260 ## - PUBLICATION, DISTRIBUTION, ETC.
Place of publication, distribution, etc. New York :
Name of publisher, distributor, etc. Scholastic,
Date of publication, distribution, etc. 2003
300 ## - PHYSICAL DESCRIPTION
Extent 48 pages :
Other physical details color illustrations ;
Dimensions 24 cm .
490 ## - SERIES STATEMENT
Series statement True Tales
505 ## - FORMATTED CONTENTS NOTE
Formatted contents note O <br/>
520 ## - SUMMARY, ETC.
Summary, etc. Briefly discusses some of the explorers of the North and South Poles, including Robert Peary, Ernest Shackleton, Matthew Henson, and Donald Macmillan.
521 ## - TARGET AUDIENCE NOTE
Target audience note 620
Source Lexile
521 ## - TARGET AUDIENCE NOTE
Target audience note O <br/>
Source Raz-Plus
650 #0 - SUBJECT ADDED ENTRY--TOPICAL TERM
Topical term or geographic name entry element Explorers
Geographic subdivision Polar regions
General subdivision History
Form subdivision Juvenile literature.
650 #1 - SUBJECT ADDED ENTRY--TOPICAL TERM
Topical term or geographic name entry element Explorers
Geographic subdivision Polar regions.
906 ## - LOCAL DATA ELEMENT F, LDF (RLIN)
a 7
b cbc
c orignew
d 1
e ecip
f 20
g y-gencatlg
942 ## - ADDED ENTRY ELEMENTS (KOHA)
Source of classification or shelving scheme Dewey Decimal Classification
Koha item type Books
Suppress in OPAC No
999 ## -
-- 2364
-- 2364
Holdings
Withdrawn status Lost status Source of classification or shelving scheme Damaged status Not for loan Collection Home library Current library Shelving location Date acquired Total Checkouts Full call number Barcode Date last seen Price effective from Koha item type
    Dewey Decimal Classification     Non-Fiction Footprints International School Library Network Toul Kork Campus Footprints International School Library Network Toul Kork Campus   11/20/2023   NIC 919.804 G587 FISTK00790 11/20/2023 11/20/2023 Books